书目信息 |
| 题名: |
生活中的心理学
|
|
| 作者: | 李镜流 , 李树珍 著 | |
| 分册: | ||
| 出版信息: | 北京 中国青年出版社 1983 |
|
| 页数: | 248页 | |
| 开本: | 19cm | |
| 丛书名: | ||
| 单 册: | ||
| 中图分类: | B84-05 | |
| 科图分类: | ||
| 主题词: | 心理学--关系 | |
| 电子资源: | ||
| ISBN: | ||
| 000 | 00647nam2 2200241 45 | |
| 001 | 0183005903 | |
| 005 | 20060524084322.84 | |
| 010 | @dCNY0.90 | |
| 091 | @a2009.52 | |
| 100 | @a19950421d1983 em y0chiy0121 ea | |
| 101 | 0 | @achi |
| 102 | @aCN@b110000 | |
| 105 | @ay z 000yy | |
| 200 | 10 | @a生活中的心理学@Asheng huo zhong de xin li xue@f李镜流,李树珍著@FLi Jing Liu,Li Shu Zhen Zhu |
| 210 | @a北京@c中国青年出版社@d1983 | |
| 215 | @a248页@d19cm | |
| 606 | 0 | @a心理学@x关系 |
| 690 | @aB84-05@v3 | |
| 701 | 0 | @a李镜流@4著 |
| 701 | 0 | @a李树珍@4著 |
| 801 | 0 | @aCN@b上海图书馆@c20060524 |
| 801 | 2 | @aCN@bNLC@c20051101 |
| 905 | @dB84-05@e74 | |
| 生活中的心理学/李镜流,李树珍著.-北京:中国青年出版社,1983 |
| 248页;19cm |
| ISBN :CNY0.90 |
| ● |
| 相关链接 |
|
|
|
|
正题名:生活中的心理学
索取号:B84-05/74
 
预约/预借
| 序号 | 登录号 | 条形码 | 馆藏地/架位号 | 状态 | 备注 |
| 1 | 0100240 | 000504403 | 第一样本阅览室/ [索取号:B84-05/74] | 在馆 | |
| 2 | 0138109 | 000577780 | 密集书库/ [索取号:B84-05/74] | 在馆 | |
| 3 | 0138110 | 000504449 | 密集书库/ [索取号:B84-05/74] | 在馆 | |
| 4 | 0138111 | 202131102 | 密集书库/ [索取号:B84-05/74] | 在馆 | |
| 5 | 0138112 | 001879435 | 密集书库/ [索取号:B84-05/74] | 在馆 | |
| 6 | 0138113 | 000504494 | 密集书库/ [索取号:B84-05/74] | 在馆 | |
| 7 | 0138114 | 000577771 | 密集书库/ [索取号:B84-05/74] | 在馆 | |
| 8 | 0138115 | 202391063 | 密集书库/ [索取号:B84-05/74] | 在馆 | |
| 9 | 0138116 | 001970095 | 密集书库/ [索取号:B84-05/74] | 在馆 | |
| 10 | 0164998 | 000577762 | 密集书库/ [索取号:B84-05/74] | 在馆 | |
| 11 | 0164999 | 000504485 | 密集书库/ [索取号:B84-05/74] | 在馆 | |
| 12 | 0165002 | 000504500 | 密集书库/ [索取号:B84-05/74] | 在馆 | |
| 13 | 0440275 | 204402752 | 密集书库/ [索取号:B84-05/74] | 在馆 | |
| 14 | 0790545 | 207905454 | 密集书库/ [索取号:B84-05/74] | 在馆 |